[Event "IMSA Basque w 2016"]
[Site "Huai'an CHN"]
[Date "2016.03.02"]
[Round "2.4"]
[White "Tan, Zhongyi"]
[Black "Socko, Monika"]
[Result "1/2-1/2"]
[WhiteTitle "WGM"]
[BlackTitle "GM"]
[WhiteElo "2504"]
[BlackElo "2448"]
[WhiteFideId "8603642"]
[BlackFideId "1106619"]
[EventDate "2016.03.02"]

1. d4 Nf6 2. Nf3 g6 3. c4 Bg7 4. Nc3 d6 5. e4 O-O 6. Be2 Bg4 7. Be3 Nfd7 8. O-O
Nc6 9. d5 Bxf3 10. Bxf3 Na5 11. Be2 Bxc3 12. bxc3 e5 13. dxe6 fxe6 14. f4 Qe7
15. Qc2 b6 16. Rae1 Rae8 17. g3 Nc5 18. h4 Qd7 19. Bxc5 bxc5 20. h5 gxh5 21.
Bxh5 Re7 22. Qe2 Qa4 23. Qg4+ Kh8 24. f5 Rg7 25. Qh4 exf5 26. Rxf5 Rfg8 27. Bf7
Rxg3+ 28. Kh1 Qc2 29. Qf6+ R8g7 30. Qd8+ Rg8 31. Qf6+ R8g7 32. Qd8+ Rg8 33. Qf6+ 1/2-1/2

[Event "IMSA Basque w 2016"]
[Site "Huai'an CHN"]
[Date "2016.03.02"]
[Round "2.5"]
[White "Dzagnidze, Nana"]
[Black "Paehtz, Elisabeth"]
[Result "1-0"]
[WhiteTitle "GM"]
[BlackTitle "IM"]
[WhiteElo "2529"]
[BlackElo "2472"]
[WhiteFideId "13601903"]
[BlackFideId "4641833"]
[EventDate "2016.03.02"]

1. d4 Nf6 2. c4 g6 3. Nc3 Bg7 4. g3 O-O 5. Bg2 d6 6. Nf3 c6 7. O-O Qb6 8. b3 Qa6
9. Bb2 b5 10. Nd2 Bb7 11. c5 dxc5 12. dxc5 Qa5 13. Qc2 Nbd7 14. a3 Qc7 15. b4
Rae8 16. a4 a6 17. axb5 axb5 18. Ra7 Ra8 19. Nxb5 Qb8 20. Rfa1 Rxa7 21. Nxa7 Qc7
22. b5 Nb8 23. b6 Qd7 24. Nc4 Nd5 25. Bxg7 Kxg7 26. Na5 e6 27. Rd1 Qe7 28. e4
Nf6 29. Qc3 Rc8 30. g4 e5 31. g5 Nh5 32. Nxb7 Qxg5 33. Nxc8 Nf4 34. Qf3 Na6 35.
Nbd6 Nxc5 36. b7 Na6 37. Nb6 Qe7 38. Nbc4 1-0

[Event "IMSA Basque w 2016"]
[Site "Huai'an CHN"]
[Date "2016.03.02"]
[Round "2.6"]
[White "Paehtz, Elisabeth"]
[Black "Dzagnidze, Nana"]
[Result "0-1"]
[WhiteTitle "IM"]
[BlackTitle "GM"]
[WhiteElo "2472"]
[BlackElo "2529"]
[WhiteFideId "4641833"]
[BlackFideId "13601903"]
[EventDate "2016.03.02"]

1. d4 Nf6 2. c4 e6 3. Nc3 Bb4 4. Qc2 O-O 5. Nf3 d5 6. a3 Bxc3+ 7. bxc3 c5 8. e3
b6 9. Bd3 Ba6 10. cxd5 Bxd3 11. Qxd3 exd5 12. O-O Nc6 13. a4 c4 14. Qc2 Re8 15.
Ng5 Na5 16. Nh3 Qd7 17. Ra2 Nb3 18. f3 Re7 19. Nf2 Rae8 20. Nd1 g6 21. Ba3 Re6
22. Bc1 Nh5 23. Bd2 f5 24. Be1 Nf4 25. Bg3 Nd3 26. Ra3 f4 27. Bxf4 Nxf4 28. exf4
Re2 29. Qb1 Nd2 30. Qc1 Nxf1 31. Kxf1 Re1+ 32. Kf2 R8e2+ 33. Kg3 Rg1 34. f5
Rgxg2+ 0-1

[Event "IMSA Basque w 2016"]
[Site "Huai'an CHN"]
[Date "2016.03.02"]
[Round "2.7"]
[White "Gunina, Valentina"]
[Black "Harika, Dronavalli"]
[Result "0-1"]
[WhiteTitle "GM"]
[BlackTitle "GM"]
[WhiteElo "2496"]
[BlackElo "2511"]
[WhiteFideId "4167570"]
[BlackFideId "5015197"]
[EventDate "2016.03.02"]

1. d4 Nf6 2. c4 g6 3. Nc3 Bg7 4. e4 d6 5. f3 O-O 6. Nge2 c5 7. Be3 Nc6 8. d5 Ne5
9. Ng3 h5 10. Be2 h4 11. Nf1 e6 12. Nd2 exd5 13. cxd5 h3 14. g3 a6 15. a4 Bd7
16. O-O b5 17. axb5 axb5 18. Bxb5 Bxb5 19. Rxa8 Qxa8 20. Nxb5 Rb8 21. Nxd6 Qa6
22. Bxc5 Bf8 23. Qa1 Qd3 24. b4 Bxd6 25. Bxd6 Qxd2 26. Rf2 Nxf3+ 27. Kf1 Qd3+
28. Re2 Nd4 29. Qb2 Re8 0-1

[Event "IMSA Basque w 2016"]
[Site "Huai'an CHN"]
[Date "2016.03.02"]
[Round "2.8"]
[White "Harika, Dronavalli"]
[Black "Gunina, Valentina"]
[Result "1/2-1/2"]
[WhiteTitle "GM"]
[BlackTitle "GM"]
[WhiteElo "2511"]
[BlackElo "2496"]
[WhiteFideId "5015197"]
[BlackFideId "4167570"]
[EventDate "2016.03.02"]

1. Nf3 d5 2. c4 c6 3. e3 Nf6 4. Nc3 e6 5. d4 Nbd7 6. Bd3 dxc4 7. Bxc4 b5 8. Bd3
b4 9. Ne4 Nxe4 10. Bxe4 Bb7 11. a3 bxa3 12. b3 Bb4+ 13. Nd2 Qc7 14. O-O O-O 15.
Qc2 Nf6 16. Bf3 c5 17. Bxa3 Bxd2 18. Bxb7 Ng4 19. g3 Nxe3 20. Qe4 Rab8 21. fxe3
Rxb7 22. Bxc5 Rd8 23. Ra2 Bb4 24. Rc2 Qb8 25. Qf3 Bxc5 26. Rxc5 Rf8 27. Qf4 Qxf4
28. exf4 Rxb3 29. Ra1 Rb7 30. d5 exd5 31. Rxd5 g6 32. Rda5 Ra8 33. Kg2 Kg7 34.
h4 Rd8 35. Rxa7 Rd2+ 36. Kh3 Rbb2 37. Rh1 Rf2 38. Raa1 Kf6 39. Raf1 Rfe2 40. Re1
Kf5 41. Rxe2 Rxe2 42. Ra1 Ke4 43. Ra7 Kf3 44. Rxf7 Rg2 45. f5 g5 46. hxg5 Rxg3+
47. Kh2 Rg2+ 48. Kh3 Rxg5 49. Rxh7 Rxf5 1/2-1/2

[Event "IMSA Basque w 2016"]
[Site "Huai'an CHN"]
[Date "2016.03.02"]
[Round "2.9"]
[White "Ju, Wenjun"]
[Black "Krush, Irina"]
[Result "1/2-1/2"]
[WhiteTitle "GM"]
[BlackTitle "GM"]
[WhiteElo "2558"]
[BlackElo "2458"]
[WhiteFideId "8603006"]
[BlackFideId "2012782"]
[EventDate "2016.03.02"]

1. d4 Nf6 2. c4 e6 3. Nf3 b6 4. a3 Ba6 5. Qc2 Bb7 6. Nc3 c5 7. e4 cxd4 8. Nxd4
Nc6 9. Nxc6 Bxc6 10. Be2 Bd6 11. f4 e5 12. f5 Bc5 13. Bg5 Bd4 14. Bd3 Rc8 15.
Ne2 Bf2+ 16. Kf1 Bc5 17. Ng3 Ng4 18. Bxd8 Ne3+ 19. Ke2 Nxc2 20. Bxc2 Kxd8 21. a4
a5 22. b3 f6 23. Rad1 Ke7 24. h4 g6 25. fxg6 hxg6 26. h5 Rh6 27. hxg6 Rxg6 28.
Nf5+ Kd8 29. g3 Kc7 30. Rh4 Rcg8 31. Rdh1 Rg5 32. Rh8 R8g6 33. R8h6 Rxg3 34.
Nxg3 Rxg3 35. R1h2 Rc3 36. Kd1 Rf3 37. Ke2 Re3+ 38. Kd1 Rf3 39. Ke2 Re3+ 40. Kd1
Rf3 1/2-1/2

[Event "IMSA Basque w 2016"]
[Site "Huai'an CHN"]
[Date "2016.03.02"]
[Round "2.10"]
[White "Krush, Irina"]
[Black "Ju, Wenjun"]
[Result "1/2-1/2"]
[WhiteTitle "GM"]
[BlackTitle "GM"]
[WhiteElo "2458"]
[BlackElo "2558"]
[WhiteFideId "2012782"]
[BlackFideId "8603006"]
[EventDate "2016.03.02"]

1. d4 f5 2. Nf3 Nf6 3. c4 g6 4. Nc3 Bg7 5. Bf4 d6 6. e3 O-O 7. c5 Nh5 8. Bc4+ e6
9. Qb3 Nxf4 10. exf4 d5 11. Be2 b6 12. O-O bxc5 13. dxc5 Nd7 14. Qa3 c6 15. Rac1
Qc7 16. g3 e5 17. fxe5 Nxe5 18. Nxe5 Bxe5 19. Bf3 Be6 20. b4 f4 21. Ne2 Bh3 22.
Rfe1 fxg3 23. hxg3 Qf7 24. Kh2 Bb2 25. Qxb2 Qxf3 26. Kxh3 Rf5 27. Nf4 Rxf4 28.
Qe2 Qxe2 29. Rxe2 Rxb4 30. Re6 Rc4 31. Rxc4 dxc4 32. Re4 Rb8 33. Rxc4 Rb2 34.
Ra4 Rxf2 35. Rxa7 Rc2 36. Rc7 Rxc5 37. a4 Ra5 38. Rxc6 Rxa4 39. Rc7 Ra8 40. Rb7
Rf8 41. Rc7 Rf7 42. Rc6 Kg7 43. Rb6 Rf6 44. Rb7+ Kh6 45. Ra7 g5 46. Rb7 Kg6 47.
Kg2 h5 48. Ra7 Re6 49. Ra5 Kf6 50. Ra8 Kf5 51. Kf3 Rf6 52. Ra5+ Kg6+ 53. Kg2 Re6
54. Kf3 Rd6 55. Rb5 Rd3+ 56. Kg2 Rd2+ 57. Kg1 Kf6 58. Ra5 Re2 59. Rb5 Re5 60.
Rb4 Kf5 61. Kf2 Re4 62. Rb2 Kg4 63. Kg2 Rd4 64. Ra2 Re4 65. Rb2 Re3 66. Rb4+ Kf5
67. Rb5+ Re5 68. Rb2 Ke4 69. Re2+ Kd4 70. Ra2 Rd5 71. Ra8 Ke4 72. Re8+ Re5 73.
Rh8 g4 74. Rf8 Ke3 75. Rf7 Rc5 76. Rf2 Rd5 77. Rf8 Rd2+ 78. Kg1 Ra2 79. Rf5 Rb2
80. Rxh5 Kf3 81. Ra5 Re2 82. Ra4 Re4 83. Ra3+ Re3 84. Ra1 Kxg3 85. Rb1 Kh3 86.
Ra1 Re2 87. Rb1 Rg2+ 88. Kh1 Rh2+ 89. Kg1 Rd2 90. Ra1 g3 91. Rb1 Rg2+ 92. Kh1
Rh2+ 93. Kg1 Rg2+ 94. Kh1 Rh2+ 95. Kg1 Rg2+ 1/2-1/2

[Event "IMSA Basque w 2016"]
[Site "Huai'an CHN"]
[Date "2016.03.02"]
[Round "2.11"]
[White "Khotenashvili, Bela"]
[Black "Stefanova, Antoaneta"]
[Result "1/2-1/2"]
[WhiteTitle "GM"]
[BlackTitle "GM"]
[WhiteElo "2502"]
[BlackElo "2509"]
[WhiteFideId "13602640"]
[BlackFideId "2902257"]
[EventDate "2016.03.02"]

1. Nf3 g6 2. c4 Bg7 3. d4 e6 4. Nc3 d5 5. Bg5 Ne7 6. Qb3 Nbc6 7. e3 O-O 8. cxd5
exd5 9. h3 h6 10. Bf4 Na5 11. Qa3 c6 12. Be2 Re8 13. O-O Nf5 14. b3 b6 15. Rac1
Nb7 16. Ne5 Re6 17. Bd3 Ne7 18. Bh2 Nd6 19. Ne2 Ne8 20. b4 a5 21. b5 c5 22. Qb2
c4 23. Bb1 a4 24. Nc3 a3 25. Qd2 Ra5 26. Bc2 Nc7 27. Rb1 Bd7 28. f4 f5 29. g4
Bxb5 30. Kh1 Be8 31. Rg1 fxg4 32. hxg4 Rf6 33. g5 hxg5 34. Rxg5 Ne6 35. Rg2 Nf8
36. Qe1 Nf5 37. Ng4 Rf7 38. Ne5 Rf6 39. Ng4 Re6 40. Bxf5 gxf5 41. Ne5 Rh6 42.
Qg3 Ra7 43. Rbg1 Ne6 44. Qf3 Ra5 45. Rg3 Qh4 46. R1g2 Qh5 47. Qf1 Qh4 48. Qf3
Qh5 49. Qf1 Qh4 50. Qf3 Qh5 51. Qf1 1/2-1/2

[Event "IMSA Basque w 2016"]
[Site "Huai'an CHN"]
[Date "2016.03.02"]
[Round "2.12"]
[White "Stefanova, Antoaneta"]
[Black "Khotenashvili, Bela"]
[Result "1/2-1/2"]
[WhiteTitle "GM"]
[BlackTitle "GM"]
[WhiteElo "2509"]
[BlackElo "2502"]
[WhiteFideId "2902257"]
[BlackFideId "13602640"]
[EventDate "2016.03.02"]

1. Nf3 d5 2. g3 c6 3. Bg2 Bg4 4. c4 e6 5. cxd5 exd5 6. O-O Nf6 7. d3 Be7 8. Qc2
O-O 9. e4 dxe4 10. dxe4 Na6 11. h3 Nb4 12. Qe2 Bxf3 13. Bxf3 Qd3 14. Nc3 Rfe8
15. Rd1 Qxe2 16. Bxe2 Bc5 17. Bf3 h6 18. Bf4 Rad8 19. Bc7 Rc8 20. Bd6 Bxd6 21.
Rxd6 Rcd8 22. Rad1 Rxd6 23. Rxd6 Kf8 24. a3 Na6 25. Be2 Nc5 26. f3 Ke7 27. Rd1
Rd8 28. Rxd8 Kxd8 29. Kf2 Ke7 30. Ke3 a5 31. f4 Nfd7 32. h4 Nb6 33. Bd1 f6 34.
b3 Nc8 35. Ne2 Nd6 36. Bc2 Nb5 37. a4 Nc7 38. Nd4 N7e6 39. Nf5+ Kd7 40. g4 b5
41. g5 fxg5 42. fxg5 hxg5 43. hxg5 Nxg5 44. Nxg7 Nge6 45. axb5 cxb5 46. Nf5 a4
47. bxa4 bxa4 48. Nd4 Nxd4 49. Kxd4 Nxe4 1/2-1/2

[Event "IMSA Basque w 2016"]
[Site "Huai'an CHN"]
[Date "2016.03.02"]
[Round "2.13"]
[White "Ushenina, Anna"]
[Black "Kosteniuk, Alexandra"]
[Result "1/2-1/2"]
[WhiteTitle "GM"]
[BlackTitle "GM"]
[WhiteElo "2450"]
[BlackElo "2554"]
[WhiteFideId "14110911"]
[BlackFideId "4128125"]
[EventDate "2016.03.02"]

1. d4 Nf6 2. c4 e6 3. Nf3 b6 4. a3 Bb7 5. Nc3 d5 6. cxd5 Nxd5 7. e3 Be7 8. Bb5+
c6 9. Bd3 O-O 10. O-O c5 11. e4 Nxc3 12. bxc3 Nc6 13. Be3 Na5 14. Qe2 Qc7 15. a4
Rac8 16. Rfd1 Rfd8 17. h4 h6 18. h5 Bf6 19. e5 Be7 20. Nd2 cxd4 21. cxd4 Qc6 22.
Qg4 Kf8 23. Kh2 Qc7 24. f4 Qc3 25. Qe2 Rxd4 26. Bxd4 Qxd4 27. Be4 Bd5 28. Rac1
Rd8 29. Bxd5 exd5 30. g3 Qxa4 31. f5 Bg5 32. Rc7 Kg8 33. e6 fxe6 34. fxe6 Re8
35. Nf3 Qg4 36. Qe5 Bf6 37. Qxd5 Qxe6 38. Rxa7 Qxd5 39. Rxd5 Nc4 40. Kh3 Ne5 41.
Nh4 Nf7 42. Nf5 Ng5+ 43. Kg2 Re2+ 44. Kf1 Rc2 45. Rdd7 Ne6 46. Rab7 Rc5 47. g4
Rc4 48. Rxb6 Nf8 49. Ra7 Bd4 50. Nxd4 Rxd4 51. Rb8 Rxg4 52. Raa8 Rf4+ 53. Ke2
Rf6 54. Ke3 g6 55. hxg6 Kg7 56. Ke4 h5 57. Ra5 Kxg6 58. Rbb5 Re6+ 59. Kf4 Rf6+
60. Kg3 Nh7 61. Rxh5 Rc6 62. Rhb5 Nf6 63. Kf4 Rc4+ 64. Ke5 Re4+ 65. Kd6 Rg4 66.
Ra6 Re4 67. Re5 Rb4 68. Ra1 Rb6+ 69. Kc7 Rb3 70. Rg1+ Kf7 71. Rf1 Rc3+ 72. Kb6
Rb3+ 73. Kc5 Rc3+ 74. Kb5 Rb3+ 75. Kc4 Rb6 76. Ref5 Ke7 77. Ra1 Rd6 78. Ra7+ Ke6
79. Rf1 Rc6+ 80. Kb5 Rd6 81. Rg7 Rd5+ 82. Kc4 Rd6 83. Re1+ Kf5 84. Kc5 Ra6 85.
Rb7 Ne4+ 86. Kb4 Rd6 87. Re7 Rd4+ 88. Kb3 Kf4 89. Rf7+ Ke5 90. Re3 Kd6 91. Rf5
Nc5+ 92. Kc3 Rh4 93. Re8 Ne4+ 94. Kd3 Nc5+ 95. Ke3 Nd7 96. Rf7 Nc5 97. Rd8+ Kc6
98. Rc8+ Kb5 99. Rfc7 Rh5 100. Re8 Kc4 101. Kf4 Kb5 102. Re5 Rh4+ 103. Ke3 Rh3+
104. Kd2 Rh2+ 105. Re2 Rh5 106. Rce7 Kc4 107. R7e5 Rh3 108. R5e3 Rh1 109. Kc2
Rh8 110. Rd2 Rh5 111. Rc3+ Kb5 112. Rd4 Rh2+ 113. Rd2 1/2-1/2

[Event "IMSA Basque w 2016"]
[Site "Huai'an CHN"]
[Date "2016.03.02"]
[Round "2.14"]
[White "Kosteniuk, Alexandra"]
[Black "Ushenina, Anna"]
[Result "1-0"]
[WhiteTitle "GM"]
[BlackTitle "GM"]
[WhiteElo "2554"]
[BlackElo "2450"]
[WhiteFideId "4128125"]
[BlackFideId "14110911"]
[EventDate "2016.03.02"]

1. e4 c5 2. Nf3 d6 3. d4 cxd4 4. Nxd4 Nf6 5. Nc3 a6 6. Bg5 e6 7. f4 Qb6 8. a3
Nbd7 9. Nb3 Be7 10. Qf3 Qc7 11. O-O-O b5 12. Bd3 Rb8 13. Rhe1 Bb7 14. Qg3 h6 15.
Bxf6 Bxf6 16. Bxb5 axb5 17. Nxb5 Qc6 18. Nxd6+ Kf8 19. e5 Bd8 20. Re4 Ba6 21.
Nd4 Qb6 22. Nxe6+ fxe6 23. Rb4 Qc7 24. Qg6 Kg8 25. Ne8 Nf8 26. Nxc7 Bxc7 27.
Rxb8 Bxb8 28. Rd8 Bc7 29. Qxe6+ Kh7 30. Qf5+ Ng6 31. Rxh8+ Kxh8 32. Qxg6 Bf1 33.
g3 Ba5 34. e6 Bb5 35. e7 Kg8 36. e8=Q+ Bxe8 37. Qxe8+ Kh7 38. f5 1-0

[Event "IMSA Basque w 2016"]
[Site "Huai'an CHN"]
[Date "2016.03.02"]
[Round "2.15"]
[White "Zhao, Xue"]
[Black "Mkrtchian, Lilit"]
[Result "1-0"]
[WhiteTitle "GM"]
[BlackTitle "IM"]
[WhiteElo "2506"]
[BlackElo "2434"]
[WhiteFideId "8601283"]
[BlackFideId "13300601"]
[EventDate "2016.03.02"]

1. d4 Nf6 2. c4 e6 3. Nf3 b6 4. g3 Ba6 5. Nbd2 c5 6. Bg2 Bb7 7. d5 exd5 8. Nh4
g6 9. Nb1 Bg7 10. Nc3 O-O 11. cxd5 d6 12. O-O Nbd7 13. e4 Ba6 14. Re1 Ne5 15.
Be3 Nd3 16. Re2 Ng4 17. Qa4 Qc8 18. Bh3 Nxb2 19. Rxb2 Bxc3 20. Rab1 Bd3 21. f3
b5 22. Qb3 b4 23. Bxg4 f5 24. exf5 gxf5 25. Bh3 Qe8 26. Bf2 Qf7 27. Be1 c4 28.
Qd1 Qxd5 29. Rxb4 Bxe1 30. Qxe1 Bxb1 31. Rxb1 Rae8 32. Qc1 f4 33. Kh1 Re2 34.
Bf1 Qe6 35. Bxe2 Qxe2 36. Qc3 fxg3 37. hxg3 Re8 38. Nf5 Re5 39. Rb8+ Kf7 40.
Qxc4+ 1-0

[Event "IMSA Basque w 2016"]
[Site "Huai'an CHN"]
[Date "2016.03.02"]
[Round "2.16"]
[White "Mkrtchian, Lilit"]
[Black "Zhao, Xue"]
[Result "1-0"]
[WhiteTitle "IM"]
[BlackTitle "GM"]
[WhiteElo "2434"]
[BlackElo "2506"]
[WhiteFideId "13300601"]
[BlackFideId "8601283"]
[EventDate "2016.03.02"]

1. c4 e5 2. Nc3 Bb4 3. Qb3 Bxc3 4. Qxc3 Nc6 5. g3 Nf6 6. Bg2 O-O 7. a3 d5 8.
cxd5 Nxd5 9. Qd3 Be6 10. b4 Re8 11. Bb2 a6 12. Be4 g6 13. h4 f5 14. Bg2 Bf7 15.
h5 e4 16. Qc2 Ne5 17. hxg6 hxg6 18. f4 exf3 19. Nxf3 Nxf3+ 20. Bxf3 Nf6 21. Qc3
Re6 22. g4 fxg4 23. Bxg4 Rc6 24. Qh3 Kf8 25. Qh6+ Ke8 26. Rh3 Nxg4 27. Qh8+ Kd7
28. Qd4+ Kc8 29. Rh8 Bg8 30. Qxd8+ Kxd8 31. Rxg8+ Ke7 32. Rxa8 g5 33. Rc1 Rxc1+
34. Bxc1 Nf6 35. Bb2 Ne4 36. d3 Nd6 37. Be5 Ne8 38. Ra7 Kd7 39. Rxb7 Kc8 40. Ra7
Kb8 41. Rxa6 1-0

[Event "IMSA Basque w 2016"]
[Site "Huai'an CHN"]
[Date "2016.03.02"]
[Round "3.1"]
[White "Kosteniuk, Alexandra"]
[Black "Dzagnidze, Nana"]
[Result "1/2-1/2"]
[WhiteTitle "GM"]
[BlackTitle "GM"]
[WhiteElo "2554"]
[BlackElo "2529"]
[WhiteFideId "4128125"]
[BlackFideId "13601903"]
[EventDate "2016.03.02"]

1. e4 e5 2. Nf3 Nc6 3. Bb5 a6 4. Ba4 Nf6 5. O-O Be7 6. Re1 b5 7. Bb3 O-O 8. c3
d6 9. h3 Bb7 10. d4 Re8 11. Nbd2 Bf8 12. d5 Na5 13. Bc2 c6 14. b4 Nc4 15. Nxc4
bxc4 16. dxc6 Bxc6 17. Bg5 a5 18. a4 h6 19. Bxf6 Qxf6 20. b5 Bb7 21. Nh2 Rad8
22. Ng4 Qe6 23. Ne3 d5 24. exd5 Bxd5 25. Nxd5 Rxd5 26. Qe2 Bc5 27. Be4 Rd6 28.
Bc6 Re7 29. Rad1 e4 30. Rxd6 Bxd6 31. Qh5 Qf6 32. Bxe4 Qxc3 33. Qd1 g6 34. Re3
Qe5 35. Bd5 Qh2+ 36. Kf1 Rxe3 37. fxe3 c3 38. Qd3 Qg3 39. Qxc3 Bb4 40. Qc1 Qe5
41. Bf3 Bc5 42. Ke2 h5 43. Kd3 Qd6+ 44. Ke2 Qe5 45. Qd2 Bb6 46. Bd5 Kg7 47. Bc4
Qe4 48. Qc3+ Kh7 49. Kf2 Qf4+ 50. Ke2 Qe4 51. Kf2 Qf4+ 52. Ke2 Qe4 53. Kf2 1/2-1/2

[Event "IMSA Basque w 2016"]
[Site "Huai'an CHN"]
[Date "2016.03.02"]
[Round "3.2"]
[White "Dzagnidze, Nana"]
[Black "Kosteniuk, Alexandra"]
[Result "0-1"]
[WhiteTitle "GM"]
[BlackTitle "GM"]
[WhiteElo "2529"]
[BlackElo "2554"]
[WhiteFideId "13601903"]
[BlackFideId "4128125"]
[EventDate "2016.03.02"]

1. d4 Nf6 2. c4 e6 3. Nf3 d5 4. Nc3 c5 5. cxd5 Nxd5 6. e4 Nxc3 7. bxc3 cxd4 8.
cxd4 Bb4+ 9. Bd2 Bxd2+ 10. Qxd2 O-O 11. Bc4 Nd7 12. O-O b6 13. d5 Nf6 14. Qf4
exd5 15. Rad1 Bb7 16. exd5 Rc8 17. Bb3 Nxd5 18. Qe4 Rc5 19. Rd4 Qa8 20. Nh4 Re8
21. Qd3 Nf6 22. f3 Qc8 23. Rd1 Rc1 24. Rc4 Rxd1+ 25. Qxd1 Qb8 26. Qc1 Bd5 27.
Rc7 Bxb3 28. axb3 Nd5 29. Rc4 b5 30. Rc6 Qe5 31. Rc8 g6 32. g3 Rxc8 33. Qxc8+
Kg7 34. Qc1 Qe3+ 35. Qxe3 Nxe3 36. f4 a5 37. Nf3 a4 38. bxa4 bxa4 39. Nd4 a3 40.
Kf2 a2 41. Nb3 Nc2 42. g4 a1=Q 43. Nxa1 Nxa1 44. Ke3 Nb3 45. g5 Nc5 46. Kd4 Ne6+
47. Ke5 Kf8 48. h4 Ke7 49. f5 Nc5 50. Kf4 Kd6 51. Kg4 Ke5 52. fxg6 fxg6 53. h5
Ne6 0-1

[Event "IMSA Basque w 2016"]
[Site "Huai'an CHN"]
[Date "2016.03.02"]
[Round "3.3"]
[White "Harika, Dronavalli"]
[Black "Tan, Zhongyi"]
[Result "0-1"]
[WhiteTitle "GM"]
[BlackTitle "WGM"]
[WhiteElo "2511"]
[BlackElo "2504"]
[WhiteFideId "5015197"]
[BlackFideId "8603642"]
[EventDate "2016.03.02"]

1. c4 e6 2. Nc3 d5 3. d4 Bb4 4. Nf3 Nf6 5. cxd5 exd5 6. Bf4 c5 7. g3 O-O 8. Bg2
c4 9. O-O Nc6 10. Bg5 Bxc3 11. bxc3 h6 12. Bxf6 Qxf6 13. Nd2 Rd8 14. e4 Ne7 15.
Re1 Be6 16. Qa4 a6 17. Qa3 Rd7 18. Rab1 Rc8 19. Rb6 Rc6 20. Rxc6 Nxc6 21. exd5
Bxd5 22. Bxd5 Rxd5 23. Nxc4 Qf3 24. Qc1 Qd3 25. Qb1 Qxb1 26. Rxb1 b5 27. Ne3 Rd7
28. a4 bxa4 29. Ra1 Rb7 30. Rxa4 Rb3 31. Rc4 Na7 32. d5 Nb5 33. Rc8+ Kh7 34. c4
Nd6 35. c5 Nxc8 36. d6 Rd3 37. Nc4 Rd4 38. Kf1 Na7 39. Ne5 f6 40. f4 fxe5 41.
fxe5 Nc6 42. e6 Re4 0-1

[Event "IMSA Basque w 2016"]
[Site "Huai'an CHN"]
[Date "2016.03.02"]
[Round "3.4"]
[White "Tan, Zhongyi"]
[Black "Harika, Dronavalli"]
[Result "1/2-1/2"]
[WhiteTitle "WGM"]
[BlackTitle "GM"]
[WhiteElo "2504"]
[BlackElo "2511"]
[WhiteFideId "8603642"]
[BlackFideId "5015197"]
[EventDate "2016.03.02"]

1. d4 Nf6 2. c4 g6 3. Nc3 d5 4. Nf3 Bg7 5. cxd5 Nxd5 6. e4 Nxc3 7. bxc3 c5 8.
Rb1 O-O 9. Be2 cxd4 10. cxd4 Qa5+ 11. Bd2 Qxa2 12. O-O Bg4 13. Bg5 h6 14. Be3
Nc6 15. d5 Ne5 16. Rxb7 a5 17. Bc5 a4 18. Bxe7 Rfb8 19. Rxb8+ Rxb8 20. Nd4 Bxe2
21. Qxe2 Qxe2 22. Nxe2 Re8 23. d6 Nc6 24. Bh4 Rxe4 25. Rc1 Rxe2 26. Kf1 Rd2 27.
Rxc6 a3 28. Ra6 g5 29. Ke1 Bc3 30. Rxa3 Bb4 31. Ra8+ Kg7 32. Rb8 Rd4+ 33. Rxb4
Rxb4 34. Bg3 Kf6 35. Ke2 Ke6 36. h4 f5 37. hxg5 hxg5 38. Bh2 Rb2+ 39. Kf1 f4 40.
f3 Kxd6 41. Bg1 Kd5 42. Ba7 Ke6 43. Kg1 Kf5 44. Kf1 g4 45. fxg4+ Kxg4 46. Bf2 f3
47. Kg1 Rb1+ 48. Kh2 Kf4 49. gxf3 Kxf3 50. Ba7 Rb7 51. Bd4 Rd7 52. Bc5 Rc7 53.
Bb6 Rb7 54. Bc5 Rd7 55. Bb6 Rd6 56. Bc5 Rd2+ 57. Kh1 Kg3 58. Bb6 Rc2 59. Bd4 Re2
60. Bc5 Rh2+ 61. Kg1 Rd2 62. Kh1 Kf3 63. Bb6 Rd6 64. Bc5 Rc6 65. Ba7 Ke2 66. Kg2
Rg6+ 67. Kh1 Kf1 68. Bb8 Kf2 69. Ba7+ Kf3 70. Bc5 Kg3 71. Bd4 Re6 72. Ba7 Re8
73. Bc5 1/2-1/2

[Event "IMSA Basque w 2016"]
[Site "Huai'an CHN"]
[Date "2016.03.02"]
[Round "3.5"]
[White "Stefanova, Antoaneta"]
[Black "Huang, Qian"]
[Result "1-0"]
[WhiteTitle "GM"]
[BlackTitle "WGM"]
[WhiteElo "2509"]
[BlackElo "2450"]
[WhiteFideId "2902257"]
[BlackFideId "8602689"]
[EventDate "2016.03.02"]

1. Nf3 Nf6 2. g3 g6 3. b3 Bg7 4. Bb2 O-O 5. Bg2 d6 6. d4 c5 7. c4 cxd4 8. Nxd4
d5 9. cxd5 Nxd5 10. O-O Na6 11. Na3 h5 12. Qd2 Nac7 13. Rfd1 Nb6 14. Qc2 Nd7 15.
Rac1 Ne8 16. Nc4 Qc7 17. Ba3 Bf6 18. Qe4 Nc5 19. Qe3 Ne6 20. Nb5 Qb8 21. Nc3
N8c7 22. Ne4 Kg7 23. Nxf6 exf6 24. Bxf8+ Nxf8 25. Qe7 Nce6 26. Nd6 1-0

[Event "IMSA Basque w 2016"]
[Site "Huai'an CHN"]
[Date "2016.03.02"]
[Round "3.6"]
[White "Huang, Qian"]
[Black "Stefanova, Antoaneta"]
[Result "1-0"]
[WhiteTitle "WGM"]
[BlackTitle "GM"]
[WhiteElo "2450"]
[BlackElo "2509"]
[WhiteFideId "8602689"]
[BlackFideId "2902257"]
[EventDate "2016.03.02"]

1. c4 g6 2. Nf3 Bg7 3. d4 e6 4. Nc3 Ne7 5. Bf4 d6 6. e4 Nd7 7. Be2 b6 8. Qd2 h6
9. Be3 Bb7 10. Rd1 Nf6 11. Bd3 Ng4 12. Bf4 g5 13. Bg3 f5 14. exf5 exf5 15. h3
Nf6 16. d5 Qd7 17. Nd4 Nh5 18. Ne6 Bf6 19. Nb5 Rc8 20. Be2 Ng7 21. Nbd4 Kf7 22.
f4 Kg6 23. O-O c5 24. dxc6 Nxc6 25. Nxc6 Qxe6 26. Nxa7 Ra8 27. Nb5 Rxa2 28. Nc3
Bxc3 29. Qxc3 Qxe2 30. Rxd6+ Kh7 31. Rf2 Ra1+ 32. Kh2 Qe4 33. Qf6 Qe8 34. Rfd2
Bxg2 35. Rxg2 Qh5 36. fxg5 hxg5 37. Be5 Rg8 38. Rd7 Qh6 39. Qxf5+ Qg6 40. Qxg5 1-0

[Event "IMSA Basque w 2016"]
[Site "Huai'an CHN"]
[Date "2016.03.02"]
[Round "3.7"]
[White "Krush, Irina"]
[Black "Lagno, Kateryna"]
[Result "1/2-1/2"]
[WhiteTitle "GM"]
[BlackTitle "GM"]
[WhiteElo "2458"]
[BlackElo "2529"]
[WhiteFideId "2012782"]
[BlackFideId "14109336"]
[EventDate "2016.03.02"]

1. d4 Nf6 2. c4 g6 3. Nc3 d5 4. cxd5 Nxd5 5. e4 Nxc3 6. bxc3 Bg7 7. Be3 c5 8.
Rc1 Qa5 9. Qd2 O-O 10. Nf3 Bg4 11. Be2 e6 12. d5 exd5 13. exd5 c4 14. O-O Rd8
15. Bxc4 Bxf3 16. gxf3 Nd7 17. Be2 b5 18. c4 Qxd2 19. Bxd2 bxc4 20. Bxc4 Ne5 21.
Be2 Rxd5 22. Be3 Nd3 23. Rc7 Be5 24. Rb7 a5 25. a4 Rad8 26. Rfb1 Nf4 27. Bxf4
Bxf4 28. Bc4 R5d7 29. R1b5 Bd2 30. Rxd7 Rxd7 31. Rd5 Rxd5 32. Bxd5 Kg7 33. Kg2 1/2-1/2